| 000 | 00763nam a2200229 a 4500 | ||
|---|---|---|---|
| 999 |
_c2092 _d2092 |
||
| 001 | 2092 | ||
| 003 | BD-JhCC | ||
| 005 | 20171106123056.0 | ||
| 008 | 171029s2003 bg a|||| |||| 000 0 ben d | ||
| 020 | _a9844123410 | ||
| 035 | _a(BD-JhCC)2092 | ||
| 040 |
_aBD-JhCC _dBD-JhCC |
||
| 041 | _aben,Eng | ||
| 082 |
_a378.196 _bISL 2003 |
||
| 100 | _aইসলাম, রফিকুল | ||
| 245 |
_aঢাকা বিশ্ববিদ্যালয়ের আশি বছর (১৯২১-২০০১) / _c রফিকুল ইসলাম |
||
| 260 |
_aঢাকা : _bঅনন্যা, _c২০০৩. |
||
| 300 |
_a৩২০ পৃ. : _bill. ; _c২১ সেমি. |
||
| 650 |
_aUniversity _zDhaka, Bangladesh |
||
| 942 |
_2ddc _cBK |
||